Obálka Náhled e-knihy:
PDF
Pro půjčování e-knih musíte být přihlášeni.
Jak si půjčit online?

Detektív Zebra a prípad stratených tortičiek /

Zoznámte sa s detektívom Zebrom a jeho vernou asistentkou Bodkou pri ich prvom prípade. Podarí sa im vypátrať, kam zmizli lekvárové tortičky?

Uloženo v:
Hlavní autor: McLean, Gill (Autor)
Médium: E-kniha
Jazyk:Czech
Vydáno: Praha : Albatros Media Slovakia s.r.o., 2025
Tagy:
Žádné tagy
LEADER 01142nam a22002297i 4500
001 303372
007 ta
008 260519s2025 xr ||||| |||| 00| 0 cze d
020 |a 9788056644164 
044 |a xr 
100 1 |a  McLean, Gill  |4 aut 
245 1 0 |a Detektív Zebra a prípad stratených tortičiek /  |c  McLean, Gill 
240 1 0 |a Detective Zebra and the Mystery of the Missing Tarts 
264 1 |a Praha :  |b Albatros Media Slovakia s.r.o.,  |c 2025 
300 |a 1 online zdroj (32 stran) 
336 |a text  |b txt  |2 rdacontent 
337 |a bez média  |b n  |2 rdamedia 
338 |a online zdroj  |b cr  |2 rdacarrier 
520 2 |a Zoznámte sa s detektívom Zebrom a jeho vernou asistentkou Bodkou pri ich prvom prípade. Podarí sa im vypátrať, kam zmizli lekvárové tortičky? 
910 |a RBIT002 
998 |d 426895  |a https://core.palmknihy.cz/api/books/426895/cover?tesghe  |b https://core.palmknihy.cz/api/books/426895/cover/400?tesghe  |c https://core.palmknihy.cz/api/books/426895/cover/50?tesghe  |e 2029-07-31  |g 32  |i 9788056644164  |k https://core.palmknihy.cz/api/books/426895/preview.pdf  |l   |q 49  |r 1  |s https://www.palmknihy.cz/kniha/426895  |t ebook  |y 2025  |z 1 
999 |d 303370